<An> object oriented approach to forecasting.

Uplatnenie predmetovo orientovaných metód na modelovanie v prognózach. Na vyjadrenie poznatkov k procesu prognózovania sa uplatňujú kategórie, predmety a vlastnosti organizované v stromovej štruktúre. Identifikované tri hlavné kategórie sú časový rad, kvantitatívne prognostické nástroje a výsledky....

Ausführliche Beschreibung

Gespeichert in:
Bibliographische Detailangaben
1. Verfasser: Assimakopoulos, V.
Weitere Verfasser: Konida, A.
Format: Buchkapitel
Sprache:Englisch
Schlagworte:
Tags: Tag hinzufügen
Keine Tags, Fügen Sie das erste Tag hinzu!

MARC

LEADER 00000naa a2200000 4500
001 r011016
005 20221130113010.6
041 0 |a eng 
044 |a NL 
245 1 0 |a <An> object oriented approach to forecasting.  |c V. Assimakopoulos, A. Konida 
520 |a Uplatnenie predmetovo orientovaných metód na modelovanie v prognózach. Na vyjadrenie poznatkov k procesu prognózovania sa uplatňujú kategórie, predmety a vlastnosti organizované v stromovej štruktúre. Identifikované tri hlavné kategórie sú časový rad, kvantitatívne prognostické nástroje a výsledky. Predmety sú špecifickými prípadmi týchto kategórií, kým vlastnosťami sú ich rozhodujúce vlastnosti v prognostickom procese. Vychádza sa z inferenčných vzťahov medzi nimi. Pracovné aplikácie. 
610 2 0 |a prognózovanie 
610 2 0 |a modelovanie 
610 2 0 |a rady časové 
610 2 0 |a predvídanie 
610 2 0 |a báza znalostí 
100 1 |a Assimakopoulos, V. 
700 1 |a Konida, A.